Problematická bezpečnosť nastupujúceho internetu vecí

Bezpečnostné aspekty vybratých technológií zariadení neustále pripojených, resp. pripojiteľných na internet a ich vplyv na naše okolie, ktoré už dnes majú široké využitie a do budúcna sa počíta s ich ďalším masívnym rozšírením. Nástup nových technológií - inteligentné (smart) domácnosti, inteligentn...

Celý popis

Uložené v:
Podrobná bibliografia
Hlavný autor: Sojka, Pavol, 1978-
Médium: Kapitola
Jazyk:Slovak
Predmet:
Tagy: Pridať tag
Žiadne tagy, Buďte prvý, kto otaguje tento záznam!

MARC

LEADER 00000nla a2200000 4500
001 0237549
005 20240502073833.5
041 0 |a slo 
044 |a SK 
245 1 0 |a Problematická bezpečnosť nastupujúceho internetu vecí  |c Pavol Sojka 
520 |a Bezpečnostné aspekty vybratých technológií zariadení neustále pripojených, resp. pripojiteľných na internet a ich vplyv na naše okolie, ktoré už dnes majú široké využitie a do budúcna sa počíta s ich ďalším masívnym rozšírením. Nástup nových technológií - inteligentné (smart) domácnosti, inteligentné (smart) vozidlá, internet vecí, cloudové riešenia s podporou učiacej sa umelej inteligencie, nositeľná elektronika. 
610 2 0 |a technológie nové 
610 2 0 |a bezpečnosť 
610 2 0 |a bezpečnosť elektronická 
100 1 |a Sojka, Pavol, 1978-